On transfer paradoxes and immiserizing growth part 2
Salvato in:
| Autore principale: | |
|---|---|
| Altri autori: | |
| Natura: | Libro |
| Lingua: | inglese |
| Pubblicazione: |
New Haven
Yale University
1984
|
| Serie: | Center Paper
no. 365 |
| Tags: |
Nessun Tag, puoi essere il primo ad aggiungerne!!
|
MARC
| LEADER | 00000nam a2200000 4500 | ||
|---|---|---|---|
| 001 | c107962 | ||
| 005 | 20181203150300.8 | ||
| 041 | 0 | |a eng | |
| 044 | |a US | ||
| 245 | 1 | 0 | |a On transfer paradoxes and immiserizing growth |b part 2 |c T.N. Srinivasan, Jagdish N. Bhagwati |
| 264 | 1 | |a New Haven |b Yale University |c 1984 | |
| 300 | |a S. 112-115 | ||
| 490 | 1 | |a Center Paper |v no. 365 | |
| 830 | 0 | |a Center Paper |v no. 365 | |
| 100 | 1 | |a Srinivasan, T.N. | |
| 700 | 1 | |a Bhagwati, Jagdish N. | |